[Event "TCh-FRA Top 12 2017"]
[Site "Chartres FRA"]
[Date "2017.05.28"]
[Round "11.5"]
[White "Lagarde,Max"]
[Black "Rozentalis,E"]
[Result "1-0"]
[WhiteElo "2601"]
[BlackElo "2535"]

1.d4 Nf6 2.c4 e6 3.Nc3 Bb4 4.Bg5 c5 5.d5 Bxc3+ 6.bxc3 d6 7.e3 h6 8.Bh4 e5
9.Bd3 Qe7 10.Ne2 Nbd7 11.Ng3 e4 12.Nxe4 g5 13.Nxf6+ Qxf6 14.Bg3 Qxc3+ 15.Kf1
Ne5 16.Be2 Bf5 17.Qe1 Qa3 18.Qc1 Qxc1+ 19.Rxc1 O-O-O 20.Rc3 Rde8 21.f3 Bd7
22.e4 f5 23.exf5 Bxf5 24.h4 Kc7 25.Re3 Nf7 26.Bf2 Ne5 27.g4 Bg6 28.Bg3 Rhf8
29.hxg5 hxg5 30.Rh6 Rg8 31.Kf2 Kd8 32.f4 gxf4 33.Bxf4 Nf7 34.Rxe8+ Kxe8 35.Rh3
Kd7 36.Rb3 Kc7 37.Re3 Kd7 38.Bd1 Bb1 39.Rb3 Bxa2 40.Rxb7+ Ke8 41.Be2 {#r} 1-0

[Event "TCh-FRA Top 12 2017"]
[Site "Chartres FRA"]
[Date "2017.05.25"]
[Round "8.2"]
[White "Stephan,V"]
[Black "Kryvoruchko,Y"]
[Result "0-1"]
[WhiteElo "2365"]
[BlackElo "2714"]

1.d4 Nf6 2.c4 e6 3.Nc3 Bb4 4.Qc2 O-O 5.a3 Bxc3+ 6.Qxc3 d6 7.Bg5 Nbd7 8.e3 b6
9.Ne2 Ba6 10.Qc2 c5 11.Rd1 Qc7 12.Nc3 d5 13.Bxf6 Nxf6 14.cxd5 Bxf1 15.Kxf1
cxd4 16.Rxd4 Nxd5 17.Qd2 Nxc3 18.Qxc3 Qb7 19.f3 Rac8 20.Qd2 e5 21.Rd6 Qe7
22.Ke2 Qh4 23.g3 Qh3 24.Kf2 h5 25.Qe2 Rfd8 26.Rd2 Rxd2 27.Qxd2 h4 28.gxh4 Rc6
29.Qd8+ Kh7 30.Qd3+ f5 31.h5 e4 32.fxe4 Qh4+ 33.Kg2 Qg4+ 34.Kf2 fxe4 35.Qe2
Qxe2+ 36.Kxe2 Rc2+ 37.Kd1 Rxb2 38.Kc1 Ra2 39.Kb1 Rxa3 40.Kc2 Rxe3 41.Ra1 a5
42.Rb1 Re2+ 43.Kc3 Rxh2 44.Rxb6 Rxh5 45.Kd4 Rh6 {#R} 0-1

[Event "36th Zalakaros Open 2017"]
[Site "Zalakaros HUN"]
[Date "2017.05.24"]
[Round "7.8"]
[White "Gasanov,E"]
[Black "Kovalenko,I"]
[Result "0-1"]
[WhiteElo "2484"]
[BlackElo "2657"]

1.d4 Nf6 2.c4 e6 3.Nc3 Bb4 4.Qc2 d6 5.Nf3 Nbd7 6.g3 e5 7.Bg2 O-O 8.O-O c6
9.Rd1 Qa5 10.Bd2 exd4 11.Nxd4 Qh5 12.Bf4 Ne5 13.a3 Bc5 14.Na4 Ng6 15.Bc1 Re8
16.Nxc5 dxc5 17.Nf3 Bf5 18.Qd2 Re4 19.b3 Rae8 20.Re1 R4e7 21.Bb2 Ne4 22.Qa5 b6
23.Qa4 Re6 24.Qxa7 Nf4 25.Qc7 Nxg2 26.Kxg2 Bh3+ 27.Kg1 h6 28.Rad1 Nd2 29.Nxd2
Rxe2 30.Rxe2 Qxe2 31.Ra1 Qxd2 32.Be5 Qe2 {#R} 0-1

[Event "6th CHN w Masters 2017"]
[Site "Wuxi CHN"]
[Date "2017.05.27"]
[Round "1.4"]
[White "Yuan,Ye"]
[Black "Tan Zhongyi"]
[Result "0-1"]
[WhiteElo "2317"]
[BlackElo "2515"]

1.d4 Nf6 2.c4 e6 3.Nc3 Bb4 4.Qc2 O-O 5.a3 Bxc3+ 6.Qxc3 b6 7.Bg5 Ba6 8.e3 d6
9.Bd3 Nbd7 10.Ne2 c5 11.b4 cxd4 12.exd4 Rc8 13.Qb3 e5 14.b5 Bb7 15.O-O h6
16.Bh4 e4 17.Bb1 Qc7 18.Ba2 d5 19.Qa4 Qb8 20.Bg3 Qa8 21.Nf4 dxc4 22.Bxc4 Nd5
23.Nxd5 Bxd5 24.Be2 Be6 25.Rac1 Qd5 26.Qxa7 Qa2 27.Rxc8 Rxc8 28.Bd1 Qd2 29.Bd6
e3 30.fxe3 Bd5 31.Bf3 Bxf3 32.gxf3 Rc2 33.Qa8+ Nf8 {#R} 0-1

[Event "St Louis Spring Classic B"]
[Site "Saint Louis USA"]
[Date "2017.05.24"]
[Round "9.5"]
[White "Lenderman,A"]
[Black "Chirila,I"]
[Result "1-0"]
[WhiteElo "2587"]
[BlackElo "2536"]

1.d4 Nf6 2.c4 e6 3.Nc3 Bb4 4.Qc2 O-O 5.Nf3 d6 6.g3 e5 7.Bg2 Nc6 8.dxe5 dxe5
9.O-O Bxc3 10.Qxc3 Qe7 11.Bg5 Re8 12.Rfd1 Bg4 13.h3 Bh5 14.g4 Bg6 15.Nh4 Nd4
16.Rd2 c6 17.e3 Ne6 18.Nxg6 hxg6 19.Qxe5 Qb4 20.Rad1 Nxg5 21.Qxg5 Qxc4 22.b3
Qb4 23.Rd4 Qa3 24.R1d2 Qe7 25.Qa5 c5 26.Rd6 b6 27.Qa4 Rad8 28.Rxd8 Rxd8
29.Rxd8+ Qxd8 30.Qxa7 Qd1+ 31.Bf1 Nd7 32.Qb7 Kh7 33.Kg2 Ne5 34.Qe4 Qd6 35.a4
Kh8 36.h4 f6 37.Bc4 Nxc4 38.bxc4 Qd7 39.Qxg6 Qxa4 40.Qh5+ Kg8 41.Qd5+ Kh8
42.g5 Qe8 43.Kg3 fxg5 44.hxg5 g6 45.e4 Qe7 46.Kg4 Kh7 47.f4 Qc7 48.f5 b5
49.cxb5 c4 50.fxg6+ Kg7 51.b6 Qc8+ 52.Qf5 {#r} 1-0

[Event "26th Chicago Open 2017"]
[Site "Chicago USA"]
[Date "2017.05.25"]
[Round "1.12"]
[White "Perelshteyn,E"]
[Black "Gorti,Akshita"]
[Result "1-0"]
[WhiteElo "2511"]
[BlackElo "2240"]
[EventType "swiss"]

1.d4 e6 2.c4 Nf6 3.Nc3 Bb4 4.Qc2 b6 5.Nf3 Bb7 6.g3 c5 7.dxc5 bxc5 8.Bg2 O-O
9.O-O d6 10.Rd1 Bxc3 11.Qxc3 Qb6 12.b3 Nbd7 13.Bb2 a5 14.a4 Rab8 15.Nd2 Bxg2
16.Kxg2 Rfd8 17.Qf3 d5 18.cxd5 exd5 19.e3 Qa6 20.Rac1 Rbc8 21.Ba1 Rc6 22.Rc2
Qb6 23.Rdc1 Rdc8 24.h3 h6 25.Kh2 Re6 26.Qf5 Qb7 27.Bd4 Rec6 28.Bc3 Qb6 29.Qd3
Rb8 30.Bd4 Ne4 31.Nxe4 dxe4 32.Qe2 Re6 33.Bxc5 Qxb3 34.Bd4 Qd5 35.Rc8+ Rxc8
36.Rxc8+ Kh7 37.Rd8 Qc6 38.Qg4 f6 39.Qf5+ g6 40.Qxa5 {#r} 1-0

[Event "26th Chicago Open 2017"]
[Site "Chicago USA"]
[Date "2017.05.26"]
[Round "2.4"]
[White "Sarkar,J"]
[Black "Stukopin,A"]
[Result "0-1"]
[WhiteElo "2375"]
[BlackElo "2586"]
[EventType "swiss"]

1.d4 Nf6 2.c4 e6 3.Nc3 Bb4 4.Qc2 O-O 5.a3 Bxc3+ 6.Qxc3 b6 7.Bg5 Bb7 8.e3 d6
9.Ne2 Nbd7 10.Qc2 h6 11.Bh4 e5 12.d5 b5 13.cxb5 Bxd5 14.Nc3 Bb7 15.e4 Nc5
16.f3 Ne6 17.Bf2 a6 18.bxa6 Bxa6 19.Bxa6 Rxa6 20.b4 c5 21.bxc5 dxc5 22.O-O Nd4
23.Qd3 c4 24.Qd1 Qa5 25.Bxd4 Rd8 26.a4 exd4 27.Nb5 d3 28.Qe1 d2 29.Qd1 c3
30.g3 Rc6 31.Qc2 Qb6+ 32.Kg2 Qe3 33.Na3 Qe2+ 34.Kg1 Ng4 35.fxg4 Rf6 {#R} 0-1

[Event "26th Chicago Open 2017"]
[Site "Chicago USA"]
[Date "2017.05.26"]
[Round "3.13"]
[White "Perelshteyn,E"]
[Black "Song,Edward"]
[Result "1-0"]
[WhiteElo "2511"]
[BlackElo "2302"]
[EventType "swiss"]

1.d4 Nf6 2.c4 e6 3.Nc3 Bb4 4.Qc2 d5 5.Nf3 c5 6.a3 Bxc3+ 7.bxc3 dxc4 8.e3 O-O
9.Bxc4 b6 10.Qe2 Bb7 11.O-O Qc8 12.a4 Ba6 13.Bb5 cxd4 14.cxd4 Bxb5 15.axb5 Qb7
16.Ba3 Rd8 17.Ne5 a6 18.Rfc1 axb5 19.Qxb5 Nbd7 20.Nc6 Re8 21.f3 Nb8 22.Ne5
Nbd7 23.Qc6 Qxc6 24.Nxc6 e5 25.Ne7+ Kf8 26.Bd6 Rxa1 27.Nc6+ Kg8 28.Rxa1 exd4
29.exd4 h6 30.Ne7+ Kh7 31.Ra7 Rd8 32.d5 Nc5 33.Bc7 Rd7 34.Bxb6 Rxa7 35.Bxa7
Ncd7 36.Kf2 Ng8 37.d6 Ngf6 38.Ke3 Ne8 39.Nc8 Kg8 40.Kd4 Nef6 41.Bb6 Kf8 42.Bd8
Ng8 43.Bh4 Ke8 44.f4 h5 45.h3 Nh6 46.Ne7 f6 47.Kd5 Nb8 48.Ke6 Nd7 49.Bf2 Nf8+
50.Kd5 Kd7 51.f5 Nf7 52.Bg3 Nd8 {#r} 1-0

[Event "26th Chicago Open 2017"]
[Site "Chicago USA"]
[Date "2017.05.26"]
[Round "3.45"]
[White "Virkud,Apurva"]
[Black "Harshita,Guddanti"]
[Result "0-1"]
[WhiteElo "2252"]
[BlackElo "2007"]
[EventType "swiss"]

1.d4 Nf6 2.c4 e6 3.Nc3 Bb4 4.Qc2 O-O 5.Nf3 c5 6.dxc5 Na6 7.c6 bxc6 8.g3 Nc5
9.Bg2 a5 10.O-O Ba6 11.Bf4 Qe7 12.Rfd1 d5 13.Ne5 Rfc8 14.Rac1 Ncd7 15.Na4 Nxe5
16.Bxe5 Nd7 17.Bd4 Bxc4 18.e4 Rab8 19.b3 Ba6 20.Nc5 Nxc5 21.Bxc5 Qe8 22.Bxb4
axb4 23.Qc5 Qf8 24.Qe3 Bb5 25.Rd2 Rd8 26.Rcd1 Ra8 27.Rc1 h6 28.Qb6 dxe4
29.Rxd8 Qxd8 30.Qxd8+ Rxd8 31.Bxe4 f5 32.Bf3 Rd3 33.Kg2 Rc3 34.Rd1 Kf7 35.h4
Rc2 36.Rd7+ Kf6 37.Ra7 e5 38.Rd7 e4 39.Bd1 Rxa2 40.Rd4 e3 {#R} 0-1

[Event "36th Zalakaros Open 2017"]
[Site "Zalakaros HUN"]
[Date "2017.05.24"]
[Round "7.31"]
[White "Li Bo"]
[Black "Shvayger,Y"]
[Result "1-0"]
[WhiteElo "2359"]
[BlackElo "2423"]

1.d4 Nf6 2.c4 e6 3.Nc3 Bb4 4.Qc2 d5 5.cxd5 Qxd5 6.Nf3 Qf5 7.Qxf5 exf5 8.g3 Ne4
9.Bd2 Nxd2 10.Nxd2 O-O 11.Bg2 c6 12.a3 Be7 13.O-O Rd8 14.e3 Be6 15.Ne2 f6
16.Nf4 Bf7 17.Rfc1 Nd7 18.Nc4 Nb6 19.Na5 Rd7 20.Nd3 Nd5 21.b4 Rb8 22.Nc5 Rc7
23.Ncxb7 Rbxb7 24.Nxb7 Rxb7 25.Rxc6 Rd7 26.Rac1 Bd8 27.Bh3 g6 28.Bf1 Bb6
29.Bb5 Re7 30.Rd6 Kg7 31.Rd7 Rxd7 32.Bxd7 Kf8 33.h4 h5 34.Ba4 Ke7 35.Bb5 Be6
36.Kf1 Bc7 37.Bd3 Bd6 38.Ke2 Nb6 39.Kf3 Bd5+ 40.e4 fxe4+ 41.Bxe4 Bf7 42.Ke2 f5
43.Bd3 Bd5 44.Bb5 Kf6 45.f4 Bf7 46.Kd3 Ke7 47.Bc6 Kd8 48.Bf3 Ke7 49.Bc6 Kd8
50.Kc3 Nd5+ 51.Kd2 Nb6 52.Kd3 Ke7 53.Rb1 Kd8 54.Bf3 Be6 55.Kc3 Nd5+ 56.Kd2 Nb6
57.Ra1 Kd7 58.Kc3 Nd5+ 59.Kb2 Nb6 60.Bd1 Be7 61.Bb3 Bf6 62.Rd1 Kd6 63.a4 Bxb3
64.Kxb3 Kd5 65.Rc1 Bxd4 66.Rc7 Ke4 67.Rxa7 Bf2 68.Rg7 Bxg3 69.a5 Nd5 70.a6
Bxf4 71.a7 Nb6 72.Rxg6 Na8 73.Rg8 Nb6 74.Rb8 {#r} 1-0

[Event "36th Zalakaros Open 2017"]
[Site "Zalakaros HUN"]
[Date "2017.05.24"]
[Round "7.1"]
[White "Nabaty,T"]
[Black "Shyam,SM"]
[Result "1-0"]
[WhiteElo "2640"]
[BlackElo "2535"]

1.d4 Nf6 2.c4 e6 3.Nc3 Bb4 4.Qc2 d5 5.a3 Bxc3+ 6.Qxc3 c5 7.dxc5 d4 8.Qg3 Nc6
9.Qxg7 Rg8 10.Qh6 Rg6 11.Qd2 e5 12.b4 Bf5 13.e3 Qc7 14.Qb2 O-O-O 15.Nf3 Be6
16.b5 Na5 17.b6 Qxc5 18.bxa7 Qxa7 19.Nxe5 Rgg8 20.exd4 Rxd4 21.Be2 Re4 22.O-O
Qc5 23.Nd3 Qf5 24.f3 Rxe2 25.Qxe2 Bxc4 26.Rd1 Rd8 27.g4 Qd5 28.Bb2 Bxd3
29.Rac1+ Nc6 30.Qe3 Ng8 31.Rc3 Qb5 32.Rcxd3 Rxd3 33.Rxd3 Qxb2 34.Qe8+ Kc7
35.Rd7+ Kb6 36.Qxg8 Qxa3 37.Qxf7 Qe3+ 38.Kg2 Qe2+ 39.Kh3 Qf1+ 40.Kh4 Qe1+
41.Kh5 Qe5+ 42.Kh6 Qxh2+ 43.Kg7 Na5 44.Qf6+ Nc6 45.Qf7 Na5 46.Qe6+ Ka7 47.Qe3+
Kb8 48.Rd8+ Kc7 49.Qe7+ Kc6 50.Qd7+ {#r} 1-0

[Event "Bodensee Open 2017"]
[Site "Bregenz AUT"]
[Date "2017.05.25"]
[Round "6.2"]
[White "Malakhatko,V"]
[Black "Teske,H"]
[Result "1-0"]
[WhiteElo "2487"]
[BlackElo "2492"]

1.d4 Nf6 2.c4 e6 3.Nc3 Bb4 4.Qc2 d5 5.a3 Bxc3+ 6.Qxc3 O-O 7.Nf3 dxc4 8.Qxc4 b6
9.Bg5 Ba6 10.Qa4 h6 11.Bh4 c5 12.dxc5 bxc5 13.Rc1 Qd7 14.Qxd7 Nbxd7 15.e3 Bxf1
16.Rxf1 Rab8 17.Rc2 Rb5 18.Kd1 Ne4 19.Kc1 Rfb8 20.Rd1 R8b7 21.Nd2 Nxd2
22.Rdxd2 f5 23.Bg3 Kf7 24.e4 fxe4 25.Re2 Nb6 26.Rxe4 Rd7 27.f3 c4 28.Bf2 Rbd5
29.Rce2 c3 30.bxc3 Rd1+ 31.Kc2 Ra1 32.Bxb6 Ra2+ 33.Kb3 Rxe2 34.Rxe2 axb6
35.Kb4 Rd1 36.Rb2 g5 37.Kb5 Ra1 38.Rb3 Ra2 39.g4 {#r} 1-0

[Event "36th Zalakaros Open 2017"]
[Site "Zalakaros HUN"]
[Date "2017.05.25"]
[Round "8.35"]
[White "Borsos,B"]
[Black "Munkhgal,G"]
[Result "0-1"]
[WhiteElo "2321"]
[BlackElo "2445"]

1.d4 Nf6 2.c4 e6 3.Nc3 Bb4 4.e3 c5 5.Bd3 Nc6 6.Ne2 d5 7.cxd5 exd5 8.O-O O-O
9.a3 Bxc3 10.bxc3 Re8 11.f3 b6 12.Ng3 Bb7 13.Ra2 Na5 14.Re2 Rc8 15.Nf5 cxd4
16.cxd4 Nc4 17.g4 g6 18.Ng3 Re6 19.h4 Qd6 20.Kf2 Nxa3 21.h5 Nc4 22.Rg1 Ree8
23.Rh1 Nd7 24.Qf1 Nf8 25.Qh3 Rc7 26.Rg1 Bc8 27.Nf5 Qf6 28.Qg3 Bxf5 29.gxf5 Rc6
30.fxg6 fxg6 31.hxg6 hxg6 32.Rh1 Re7 33.Ree1 b5 34.Qb8 Nd6 35.Ba3 Rb7 36.Bxd6
Rxb8 37.Bxb8 Nd7 38.Bf4 b4 39.Ra1 a6 40.Ra5 Qe6 41.Rb1 Rb6 42.Rb3 Qc6 43.e4
Qf6 44.Ke3 g5 45.Bg3 g4 46.Bf4 Qh4 47.Rb1 Qh3 48.Be2 dxe4 49.Rg5+ Kf8 50.Rc1
Re6 51.Rc8+ Ke7 52.Rg7+ Kf6 53.Rxd7 exf3+ 54.Be5+ Rxe5+ 55.dxe5+ Ke6 56.Rd6+
Kxe5 57.Rcc6 fxe2+ 58.Kxe2 g3 59.Rh6 Qg4+ 60.Ke3 Qf4+ 61.Kd3 Qe4+ 62.Kd2 Kf5
63.Rcf6+ Kg5 64.Re6 Qf5 65.Rxa6 g2 66.Rh8 Qd5+ 67.Ke2 {#R} 0-1

[Event "36th Zalakaros Open 2017"]
[Site "Zalakaros HUN"]
[Date "2017.05.24"]
[Round "7.24"]
[White "Aczel,G"]
[Black "Meszaros,T"]
[Result "1-0"]
[WhiteElo "2546"]
[BlackElo "2401"]

1.d4 Nf6 2.c4 e6 3.Nc3 Bb4 4.e3 c5 5.Ne2 cxd4 6.exd4 O-O 7.a3 Be7 8.Nf4 d6
9.Be2 e5 10.Nfd5 Nxd5 11.Nxd5 Nc6 12.dxe5 dxe5 13.Be3 Bg5 14.O-O Bxe3 15.fxe3
Be6 16.Qb3 b6 17.Rad1 Qg5 18.Qd3 Rad8 19.b4 Rd7 20.Qb3 Rfd8 21.Bf3 f5 22.Qa4
Ne7 23.e4 Bxd5 24.exd5 e4 25.Be2 Qe3+ 26.Rf2 f4 27.Bg4 Rd6 28.Qxa7 Ng6 29.Qc7
Ne5 30.Be6+ Kh8 31.c5 bxc5 32.bxc5 Nd3 33.Rxd3 exd3 34.cxd6 Rf8 35.Bg4 f3
36.Bxf3 d2 37.Qc2 Qe1+ 38.Rf1 h6 39.d7 Rd8 40.Qe4 {#r} 1-0

[Event "TCh-FRA Top 12 2017"]
[Site "Chartres FRA"]
[Date "2017.05.24"]
[Round "7.5"]
[White "Boudiba,M"]
[Black "Godard,M"]
[Result "1-0"]
[WhiteElo "2409"]
[BlackElo "2329"]

1.d4 Nf6 2.c4 e6 3.Nc3 Bb4 4.e3 O-O 5.Ne2 d5 6.a3 Be7 7.Nf4 c6 8.Bd3 Nbd7
9.cxd5 exd5 10.O-O Nb6 11.Bc2 Re8 12.f3 c5 13.Re1 Bd6 14.dxc5 Bxc5 15.Kh1 d4
16.b4 Bf8 17.exd4 Qxd4 18.Qxd4 Rxe1+ 19.Qg1 Rxg1+ 20.Kxg1 a5 21.Rb1 axb4
22.axb4 Bd7 23.Be3 Rc8 24.Bxb6 Rxc3 25.Bb3 Bxb4 26.Bxf7+ Kxf7 27.Rxb4 Rc2
28.Rb1 Bc6 29.Re1 Nd7 30.Bd8 g5 31.Re7+ Kg8 32.Re8+ Kf7 33.Re7+ Kg8 34.Ne6 h6
35.Nd4 Rd2 36.Nf5 g4 37.Rg7+ Kf8 38.Be7+ Ke8 39.Nd6+ Rxd6 40.Bxd6 gxf3 41.g4
Nf6 42.Bc5 Ne4 43.Re7+ Kd8 44.Re5 Kd7 45.Be3 b5 46.Rf5 Nd6 47.Rf6 b4 {#r} 1-0

[Event "TCh-FRA Top 12 2017"]
[Site "Chartres FRA"]
[Date "2017.05.26"]
[Round "9.6"]
[White "Blanche,Pa"]
[Black "Bollengier,Andreea"]
[Result "0-1"]
[WhiteElo "2081"]
[BlackElo "2234"]

1.d4 Nf6 2.c4 e6 3.Nc3 Bb4 4.e3 O-O 5.Ne2 d5 6.a3 Be7 7.Ng3 c5 8.dxc5 dxc4
9.Qxd8 Rxd8 10.Bxc4 Bxc5 11.b4 Be7 12.Bb2 a6 13.O-O b5 14.Be2 Bb7 15.Rfd1 Nbd7
16.Rd2 Nb6 17.Rad1 Rxd2 18.Rxd2 Rc8 19.f3 Kf8 20.Kf2 g6 21.e4 Nc4 22.Bxc4 bxc4
23.Nf1 Ke8 24.Ne3 Nd7 25.Rc2 a5 26.Ncd1 Ba6 27.Bc3 f5 28.exf5 gxf5 29.Nb2 f4
30.Ng4 h5 31.Ne5 Nxe5 32.Bxe5 axb4 33.axb4 Bxb4 34.Bxf4 c3 35.Na4 Bd3 36.Rc1
c2 37.Ke3 Bb5 38.Nb2 Ba3 39.Be5 Rc5 40.Bd4 Rc8 41.f4 Ke7 42.g3 Be8 43.Be5 Bg6
44.Kd2 Rc5 45.Ra1 Rxe5 46.Rxa3 Re2+ {#R} 0-1

[Event "ch-Flemish 2017"]
[Site "Ghent BEL"]
[Date "2017.05.28"]
[Round "7.3"]
[White "Barbe,T"]
[Black "De Waele,Warre"]
[Result "0-1"]
[WhiteElo "2074"]
[BlackElo "2070"]

1.d4 Nf6 2.c4 e6 3.Nc3 Bb4 4.e3 O-O 5.Ne2 c6 6.a3 Ba5 7.Ng3 d5 8.Qc2 Nbd7
9.Be2 dxc4 10.Bxc4 e5 11.O-O exd4 12.exd4 Bc7 13.Ba2 Nb6 14.Rd1 Qd6 15.d5
Nbxd5 16.Bxd5 Nxd5 17.Nxd5 cxd5 18.Be3 Be6 19.Bc5 Qc6 20.Rac1 Rfc8 21.Qd2 Qd7
22.Bd4 Bd8 23.Qe3 b6 24.f4 Bg4 25.Re1 Rxc1 26.Rxc1 Qe6 27.Qd3 Rc8 28.Rf1 Qd6
29.f5 f6 30.h3 Bc7 31.hxg4 Qxg3 32.Qxg3 Bxg3 33.Bc3 Kf7 34.Rd1 Rd8 35.Kf1 Be5
36.Rd3 d4 37.Be1 Ke7 38.Ke2 Kd6 39.Bf2 Kd5 40.Rd2 Ke4 41.Rd3 Rc8 42.Rd2 Rc1
43.g3 d3+ 44.Rxd3 Rc2+ 45.Rd2 Rxd2+ 46.Kxd2 Bxb2 47.a4 Kf3 48.Be1 Kxg4 49.Kd3
Be5 50.Kc4 Bxg3 51.Bb4 h5 52.Bf8 h4 {#R} 0-1

[Event "10th KIIT Elite Open 2017"]
[Site "Bhubaneswar IND"]
[Date "2017.05.29"]
[Round "6.28"]
[White "Avdhoot Lendhe"]
[Black "Grover,S"]
[Result "0-1"]
[WhiteElo "2080"]
[BlackElo "2478"]

1.d4 Nf6 2.c4 e6 3.Nc3 Bb4 4.e3 O-O 5.Bd3 d5 6.Nf3 c5 7.O-O dxc4 8.Bxc4 Nc6
9.a3 Ba5 10.Qd3 Qe7 11.Ne4 Bb6 12.dxc5 Bxc5 13.Nxc5 Qxc5 14.b4 Qh5 15.e4 Ne5
16.Qe2 Nxc4 17.Qxc4 b5 18.Qc7 Nxe4 19.Be3 Nf6 20.Bc5 Re8 21.Ne5 Bb7 22.Qxb7
Qxe5 23.Qxb5 Ng4 24.f4 Qh5 25.h3 Nf6 26.Rae1 a6 27.Qe2 Qd5 28.Rd1 Qb7 29.Rd6
Nd5 30.Qc4 Red8 31.Rxd8+ Rxd8 32.Qd3 Rd7 33.Qg3 Nf6 34.Qf3 Qxf3 35.Rxf3 h5
36.Re3 Rd1+ 37.Kf2 Nd5 38.Rf3 Rd2+ 39.Kg3 Rc2 40.Rf2 Rc4 41.Bd6 Nc3 42.Kh2 Ne4
{#R} 0-1

[Event "26th Chicago Open 2017"]
[Site "Chicago USA"]
[Date "2017.05.26"]
[Round "2.11"]
[White "Georgiev,Vl"]
[Black "Ampie,Mauro"]
[Result "1-0"]
[WhiteElo "2511"]
[BlackElo "2327"]
[EventType "swiss"]

1.d4 Nf6 2.c4 e6 3.Nc3 Bb4 4.e3 O-O 5.Bd3 d5 6.Nf3 c5 7.cxd5 exd5 8.dxc5 Nc6
9.O-O Bxc5 10.h3 Re8 11.b3 h6 12.Bb2 Qe7 13.Ne2 Bd7 14.Nf4 Rad8 15.Rc1 Ba3
16.Bxa3 Qxa3 17.Bb1 Bc8 18.Nd4 Ne5 19.Nb5 Qa5 20.Nc7 Rf8 21.b4 Qxb4 22.Ncxd5
Nxd5 23.Nxd5 Qh4 24.f4 Ng6 25.Bxg6 fxg6 26.Rc7 Rd7 27.Qc2 Rxd5 28.Rxc8 Rxc8
29.Qxc8+ Kh7 30.Qxb7 Rd2 31.Kh2 Rxa2 32.Rc1 Qd8 33.Rc7 Qg8 34.Rc8 Qe6 35.Qa8
g5 36.Re8 Qf5 37.Rh8+ Kg6 38.Qe8+ Qf7 39.f5+ Kf6 40.Rf8 {#r} 1-0

[Event "26th Chicago Open 2017"]
[Site "Chicago USA"]
[Date "2017.05.25"]
[Round "1.5"]
[White "Zhang,Yuanchen"]
[Black "Sevian,Samuel"]
[Result "0-1"]
[WhiteElo "2268"]
[BlackElo "2585"]
[EventType "swiss"]

1.d4 Nf6 2.c4 e6 3.Nc3 Bb4 4.e3 O-O 5.Bd3 c5 6.Nf3 d5 7.O-O dxc4 8.Bxc4 Nbd7
9.a3 Bxc3 10.bxc3 b6 11.Qe2 Bb7 12.Bb2 Rc8 13.Bd3 Be4 14.Ba6 Rc7 15.Ne5 Nxe5
16.dxe5 Nd7 17.f3 Bb7 18.Bxb7 Rxb7 19.c4 Qb8 20.f4 b5 21.e4 bxc4 22.Bc3 Rb3
23.Qxc4 Qb5 24.Qxb5 Rxb5 25.Rab1 Rfb8 26.Rxb5 Rxb5 27.Rd1 Rb7 28.Kf2 Kf8
29.Rd6 Ke7 30.Ra6 Nb6 31.a4 Kd7 32.Ke2 Kc6 33.Ba5 c4 34.Bxb6 axb6 35.Ra8 Kc5
36.Kd2 Kd4 37.g3 f6 38.Rd8+ Kxe4 39.exf6 gxf6 40.Kc3 b5 41.axb5 Rxb5 42.Rd4+
Kf3 43.Rxc4 Rh5 44.Rc6 Rxh2 45.Rxe6 Rh6 46.Kd3 Kxg3 47.Ke3 Kg4 48.Ra6 Rh3+
49.Kf2 f5 50.Ra8 Rb3 51.Ra2 h5 52.Kg2 h4 53.Kh2 Rh3+ 54.Kg2 Rc3 55.Kf2 Rf3+
56.Kg2 h3+ 57.Kg1 Kg3 58.Rg2+ Kxf4 59.Ra2 Rg3+ 60.Kh1 Re3 61.Ra8 Re2 62.Rh8
Kg3 63.Rg8+ Kf3 64.Rh8 f4 65.Rxh3+ Kf2 66.Ra3 f3 67.Kh2 Kf1+ 68.Kg3 f2 69.Ra1+
Re1 70.Ra2 Re3+ 71.Kh2 Re7 72.Ra1+ Ke2 73.Ra2+ Kf3 74.Ra3+ Re3 75.Ra4 f1=R
{#R} 0-1

[Event "TCh-FRA Top 12 2017"]
[Site "Chartres FRA"]
[Date "2017.05.23"]
[Round "6.1"]
[White "Kuzubov,Y"]
[Black "Heimann,An"]
[Result "0-1"]
[WhiteElo "2637"]
[BlackElo "2573"]

1.d4 Nf6 2.c4 g6 3.Nf3 Bg7 4.e3 d5 5.cxd5 Nxd5 6.e4 Nb6 7.Be2 c5 8.d5 f5
9.Bb5+ Bd7 10.Ng5 O-O 11.Bxd7 Qxd7 12.Ne6 Rf7 13.Nxg7 Kxg7 14.Nc3 fxe4 15.O-O
Rf5 16.b3 Kg8 17.Bb2 Nxd5 18.Nxe4 Nf4 19.Qxd7 Nxd7 20.Rfd1 Nb6 21.a4 a5 22.f3
Rc8 23.Kf2 Rd5 24.Bc3 c4 25.bxc4 Rxc4 26.g3 Nxa4 27.Bxa5 Rc2+ 28.Rd2 Rcxd2+
29.Bxd2 Nd3+ 30.Ke2 b5 31.Rd1 Ndb2 32.Rh1 Nc4 33.Bb4 Kf7 34.h4 h6 35.g4 Nd6
36.h5 g5 37.Nxd6+ exd6 38.f4 gxf4 39.Rf1 Re5+ 40.Kf3 Nc5 41.Kxf4 Ke6 42.Bc3
Nd3+ 43.Kf3 Rg5 44.Kg3 Ne5 45.Rf4 Rg8 46.Bd2 Ra8 47.Rd4 Ra3+ 48.Kg2 Ra2 49.Kg3
Ra3+ 50.Kg2 Nf7 51.Kf2 Ra4 52.Rxa4 bxa4 53.Ke2 a3 54.Kd3 Ne5+ 55.Kc2 a2 56.Bc3
Nxg4 57.Kb2 Ne5 58.Kxa2 Kf5 59.Bd2 Nf7 60.Kb3 Kg4 61.Kc4 Kxh5 62.Kd5 Kg6
63.Ke6 Ng5+ 64.Kd5 Kf5 65.Be3 h5 66.Kxd6 h4 67.Bg1 {#R} 0-1

[Event "TCh-FRA Top 12 2017"]
[Site "Chartres FRA"]
[Date "2017.05.25"]
[Round "8.3"]
[White "Lagarde,Max"]
[Black "Heimann,An"]
[Result "1-0"]
[WhiteElo "2601"]
[BlackElo "2573"]

1.d4 Nf6 2.c4 g6 3.Nf3 Bg7 4.g3 d5 5.cxd5 Nxd5 6.Bg2 Nb6 7.O-O Nc6 8.e3 e5
9.Nc3 exd4 10.exd4 O-O 11.Bg5 Qd6 12.d5 Nb4 13.Nd2 N4xd5 14.Nxd5 Nxd5 15.Nc4
Qa6 16.Bxd5 c6 17.Bxf7+ Rxf7 18.Nd6 Be6 19.Re1 Bd5 20.Nxf7 Bxf7 21.Qd6 Bxb2
22.Rad1 Qxa2 23.Bh6 Qa3 24.Qc7 Bg7 25.Qxb7 Rf8 26.Bxg7 Kxg7 27.Qxc6 {#r} 1-0

[Event "TCh-FRA Top 12 2017"]
[Site "Chartres FRA"]
[Date "2017.05.28"]
[Round "11.1"]
[White "Ider,B"]
[Black "Grafl,F"]
[Result "1-0"]
[WhiteElo "2456"]
[BlackElo "2377"]

1.d4 Nf6 2.Nf3 g6 3.g3 Bg7 4.Bg2 O-O 5.O-O d6 6.c4 Nc6 7.Nc3 Rb8 8.Bf4 a6
9.Rc1 b5 10.Nd5 Bd7 11.Nxf6+ exf6 12.cxb5 Rxb5 13.Qd2 Nb4 14.b3 g5 15.Be3 Nd5
16.Ne1 Nxe3 17.Qxe3 f5 18.Qd2 Be6 19.Nc2 c5 20.Rfd1 Qa5 21.Qxg5 Qxa2 22.d5 Bc8
23.Ne3 Rxb3 24.Bf3 h6 25.Qf4 Rxe3 26.Qxe3 Bd7 27.Qf4 a5 28.Qxd6 Ba4 29.Rf1 c4
30.Qc7 Bb3 31.d6 Qd2 32.e3 Bf6 33.Qc5 Rd8 34.Bd5 a4 35.Bxc4 Qxd6 36.Qxf5 Qe5
37.Qg6+ {#r} 1-0

[Event "10th KIIT Elite Open 2017"]
[Site "Bhubaneswar IND"]
[Date "2017.05.28"]
[Round "4.7"]
[White "Gukesh,D"]
[Black "Deviatkin,A"]
[Result "0-1"]
[WhiteElo "2283"]
[BlackElo "2481"]

1.Nf3 d6 2.d4 Nf6 3.g3 g6 4.Bg2 Bg7 5.O-O O-O 6.c4 Na6 7.Nc3 c6 8.e4 e5 9.dxe5
dxe5 10.Nxe5 Qe7 11.Nd3 Be6 12.Qa4 Rfd8 13.Nf4 Nc5 14.Qa3 Bxc4 15.Be3 Bf8
16.Rfd1 Ng4 17.Bd4 Nd3 18.Qxe7 Bxe7 19.Nce2 Rxd4 20.Nxd4 Ngxf2 21.Nxd3 Nxd1
22.Rxd1 Bxd3 23.Rxd3 Rd8 24.Kf2 c5 25.Nf5 Rxd3 26.Nxe7+ Kg7 27.Ke2 Rd4 28.Nd5
f6 29.Bf3 Kf7 30.h4 Ke6 31.g4 Ke5 32.g5 f5 33.exf5 Kxf5 34.Ne3+ Kf4 35.b3 b5
36.Bd5 c4 37.Bc6 a6 38.Nd5+ Ke5 39.bxc4 bxc4 {#R} 0-1

[Event "26th Chicago Open 2017"]
[Site "Chicago USA"]
[Date "2017.05.25"]
[Round "1.3"]
[White "Niemann,Hans M"]
[Black "Belous,V"]
[Result "0-1"]
[WhiteElo "2282"]
[BlackElo "2587"]
[EventType "swiss"]

1.d4 Nf6 2.c4 g6 3.f3 Bg7 4.e4 d6 5.Ne2 O-O 6.Be3 Nc6 7.Nbc3 a6 8.d5 Ne5 9.Ng3
c5 10.a4 h5 11.Be2 e6 12.O-O exd5 13.cxd5 Nh7 14.Qd2 Rb8 15.Rab1 Qa5 16.b4
cxb4 17.Na2 Qxa4 18.Nxb4 Bd7 19.Bd4 Rbc8 20.f4 a5 21.fxe5 axb4 22.exd6 Rc2
23.Qe3 Qa3 24.Bd3 Bxd4 25.Qxd4 Rd2 26.Rf3 Ng5 27.Re3 Qa2 28.Ne2 b3 29.h4 Bb5
30.Ra1 Bxd3 31.Rxa2 Rd1+ 32.Kh2 bxa2 33.Rxd3 Rxd3 34.Qa1 Nxe4 35.Qxa2 Nxd6
36.Nf4 {#R} 0-1

[Event "26th Chicago Open 2017"]
[Site "Chicago USA"]
[Date "2017.05.26"]
[Round "3.21"]
[White "Mulyar,M"]
[Black "Padhya,S"]
[Result "1-0"]
[WhiteElo "2407"]
[BlackElo "2219"]
[EventType "swiss"]

1.d4 Nf6 2.Nf3 g6 3.c4 Bg7 4.g3 c5 5.Bg2 cxd4 6.Nxd4 d5 7.Nc3 e5 8.Nb3 d4
9.Nd5 Nxd5 10.cxd5 Nd7 11.e3 O-O 12.O-O Nb6 13.exd4 exd4 14.Nxd4 Nxd5 15.Qb3
Nb6 16.Be3 Bxd4 17.Rad1 Be6 18.Qb4 Nd5 19.Qxd4 Nxe3 20.Qxe3 Qa5 21.a3 Qb5
22.Qd4 a5 23.Rfe1 Rac8 24.Re5 Qb3 25.Re3 Qb5 26.a4 Qa6 27.Bf1 Bc4 28.Bh3 Be2
29.Bxc8 Bxd1 30.Bd7 Be2 31.Qd2 Bf1 32.Qe1 Bc4 33.b3 Bd5 34.Qd2 Bc6 35.Bxc6
bxc6 36.h4 h5 37.Qd4 Qb7 38.Qc5 Ra8 39.Rc3 Ra6 40.Qd6 Qc8 41.Kg2 Rb6 42.Re3
Ra6 43.Re5 Ra7 44.Qc5 Ra6 45.Qc4 Ra7 46.Rg5 Kh7 47.Rc5 Rc7 48.Rxa5 c5 49.Qd5
Kg7 50.Rb5 c4 51.bxc4 Rxc4 52.Rb7 Qc6 53.Rxf7+ Kh6 54.Qxc6 Rxc6 55.Rf3 Kg7
56.Ra3 Kf6 57.a5 Ra6 58.Kf3 Kf5 59.Ra2 Ke5 60.Ke3 {#r} 1-0